01021nam a2200253 a 450000100060000000300090000600800410001502000180005604000280007404100080010208200140011010000380012424501050016225000110026726000360027830000110031449000300032550000560035565000340041165101880044570000320063370000370066570000650070224467CO-ViMGA141112s2004 ck r 000 u spa d a9789587580716 aCO-ViMGAbspacCO-ViMGA aSPA04a986.1 H371 aRodríguez Baquero, Luis Enrique10aHistoria de Colombia : btodo lo que hay que saber / cLuis Enrique Rodríguez Baquero ... [et al.] a1a ed. aBogotá : bSantillana, c2011 a366 p. aPunto de Lectura : ensayo aIncluye bibliografía al final de cada capítulo.14aCOLOMBIA - HISTORIA - COLONIA aCOLOMBIA - HISTORIA - DESCUBRIMIENTO Y CONQUISTA, 1499 - 1550 \ COLOMBIA - Política Y GOBIERNO \ COLOMBIA - HISTORIA - 9 DE ABRIL \ COLOMBIA - HISTORIA - ENSAYOS, CONFERENCIAS, ETC.1 aCeballos Gómez, Diana Luz1 aRodríguez González, Ana Luz 1 aRodríguez González, Ana Luz Ceballos Gómez, Diana Luz